000 01197nam a22002177a 4500
003 BUBTL
008 211213b ||||| |||| 00| 0 eng d
020 _a9847026402927
082 _a954.925/ G562h/ 2017
100 _94464
_aগোলাপ, আবদুস সোবহান
245 _aহাজার বছরের শ্রেষ্ঠ বাঙালি বঙ্গবন্ধু শেখ মুজিবুর রহমান /
_cআবদুস সোবহান গোলাপ
250 _a1st Edn.
260 _aঢাকা:
_bজনতা প্রকাশ,
_cc2017
300 _a464 p.:
_bill.;
_c22 cm.
505 _aহাজার বছরের শ্রেষ্ঠ বাঙালি বঙ্গবন্ধু শেখ মুজিবুর রহমান, হাজার বছরের শ্রেষ্ঠ বাঙালি, বঙ্গবন্ধু, শেখ মুজিবুর রহমান, আবদুস সোবহান গোলাপ, Bangabandhu
650 0 _93574
_aবঙ্গবন্ধু
650 0 _94372
_aBangabandhu
856 _k0
_l0
_yDownload
942 _2ddc
_cBK
999 _c6615
_d6615